|
|
|
|
| LEADER |
00916nam a2200241 a 4500 |
| 001 |
00024521 |
| 008 |
120308s2011 caua 000 0 eng d |
| 040 |
|
|
|a BD-DhAAL
|c BD-DhAAL
|
| 020 |
|
|
|a 1596822600
|
| 020 |
|
|
|a 9781596822603
|
| 082 |
0 |
0 |
|a 005.4/32
|2 22
|
| 110 |
2 |
|
|a Ubuntu Ducumentation Project
|
| 245 |
0 |
0 |
|a Ubuntu 11.04 :
|b ubuntu server guide
|
| 260 |
|
|
|a Palo Alto, Calif. :
|b Fultus,
|c c2011.
|
| 300 |
|
|
|a 277 p. ;
|c 24 cm.
|
| 490 |
1 |
|
|a Ubuntu, Linux for human beings
|
| 500 |
|
|
|a "Ubuntu, Linux for human beings"--Cover.
|
| 500 |
|
|
|a "Linbrary, Linux documenation library"--Cover.
|
| 541 |
1 |
|
|e 00024521
|
| 650 |
|
0 |
|a Ubuntu (Electronic resource)
|
| 852 |
1 |
|
|a Ayesha Abed Library
|j General shelf
|
| 999 |
|
|
|c 11945
|d 11945
|
| 952 |
|
|
|0 0
|1 0
|4 0
|6 005_432000000000000_UBU
|7 0
|9 19610
|a BRACUL
|b BRACUL
|c GEN
|d 2012-03-08
|e Trim Education
|g 2990.00
|l 4
|m 39
|o 005.432 UBU
|p 3010024521
|r 2025-02-11
|s 2024-09-01
|t 1
|w 2012-03-08
|y BK
|